Štatistické spracovanie dát v jazykoch R a Python – komparatívna analýza bakalárska práca

Saved in:
Bibliographic Details
Main Author: Baňkos, Štefan
Corporate Author: Fakulta hospodárskej informatiky EU. Katedra štatistiky
Other Authors: Mihalech, Patrik, 1994-
Format: Book
Language:Slovak
Published: Bratislava 2023
Tags: Add Tag
No Tags, Be the first to tag this record!

MARC

LEADER 00000nbm a2200000 4500
001 0295125
005 20240205134002.7
041 0 |a slo 
044 |a SK 
245 1 0 |a Štatistické spracovanie dát v jazykoch R a Python – komparatívna analýza  |b bakalárska práca  |c Štefan Baňkos ; školiteľ: Patrik Mihalech 
264 1 |a Bratislava  |c 2023 
300 |a 50 s. 
100 1 |a Baňkos, Štefan 
700 1 |a Mihalech, Patrik, 1994- 
710 2 |a Fakulta hospodárskej informatiky EU. Katedra štatistiky